01182nab a22002297a 4500003000400000005001700004008004100021040000700062100002300069245010600092260007300198300001500271500003500286505019700321505010000518505008100618650001800699650001400717650002800731650003900759773015400798OSt20260203104309.0190429b xxu||||| |||| 00| 0 spa d cPJ aReyes, Analía V.10aArgentina : bsistema modelo de juicio por jurados con perspectiva de géneros /cAnalía V. Reyes. cCiudad Autónoma de Buenos Aires :aThomson Reuters La Ley, b2023. ap. 110-130 aCita Online: AR/DOC/2267/2023. aSumario: I. Planteo del tema: la trascendencia del veredicto del jurado en el caso "M. B.".— II. El fallo de la Corte mendocina que validó las instrucciones con perspectiva de géneros.  aFallo comentado: SC Mendoza, sala II ~ 03/07/2023 ~ F. c. C. R., D. J. s/ homicidio agravado. tSi te interesa el texto completo, solicitalo a koha@justierradelfuego.gov.ar 0aDERECHO PENAL 0aHOMICIDIO 0aPERSPECTIVA DE GÉNERO 0aDERECHO A LA IDENTIDAD DE GÉNERO0 02658tRevista de derecho penal y criminología. Nº 11 - Diciembre 2023dCiudad Autónoma de Buenos Aires : Thomson Reuters La Ley, 2017-x00347914